000 00383nam a2200145 i 4500
001 bg
100 1 _aMIKA, Barbara
245 0 _aMateriały formierskie :
_bćwiczenia laboratoryjne /
_cBarbara Mika, Tadeusz Wachelko.
260 _aCzęstochowa,
_c1970.
700 1 _aWACHELKO, Tadeusz
040 _cBPK
041 _apol
942 _cKS
008 s pl f |000 0 pol
999 _c7443
_d7443
856 _uhttp://koha.tu.koszalin.pl/cgi-bin/koha/opac-detail.pl?biblionumber=7443
_yKatalog online BPK